| 000 | 01061cam a22002655a 4500 | ||
|---|---|---|---|
| 001 | L141927 | ||
| 008 | 080115s2007 xxko f 000 0 eng d | ||
| 035 | _a(Sirsi) u141927 | ||
| 041 | 0 | _aeng | |
| 050 | 0 | 4 | _a333.72 $2 18 |
| 100 | 1 | _aSmith, Alex | |
| 245 | 0 | 0 |
_aThree million green homes by 2020 _bhow are we going to do that, then? |
| 260 |
_aLondon _bCMP _c2007 |
||
| 300 |
_a42p. _c30cm. |
||
| 490 | 0 |
_aBuilding _vSupplement December 2007 |
|
| 520 | _aDiscusses whether government's target of achieving three million new homes by 2020 is achievable, particularly in light of gloomy economic prospects. Also looks at the issues of land and transport, proposals for new eco-towns, landscaping, the protoype homes in BRE's innovation pack, using Bedzed principles, and recent updates to regulations. | ||
| 521 | 2 | _aAdvanced | |
| 651 | 4 |
_aUnited Kingdom _y |
|
| 690 | _aBUILT ENVIRONMENT-SUSTAINABLE CONSTRUCTION | ||
| 700 | 1 | _aRichardson, Sarah | |
| 700 | 1 | _aEdwards, David | |
| 700 | 1 | _aBrinkley, Mark | |
| 700 | 1 | _aLane, Thomas | |
| 942 | _n0 | ||
| 999 |
_c107798 _d107798 |
||